Red storm rising / (Record no. 10772)
[ view plain ]
| 000 -LEADER | |
|---|---|
| fixed length control field | 00992nim a2200325 a 4500 |
| 001 - CONTROL NUMBER | |
| control field | 5628572 |
| 003 - CONTROL NUMBER IDENTIFIER | |
| control field | OSt |
| 005 - DATE AND TIME OF LATEST TRANSACTION | |
| control field | 20140310182225.0 |
| 007 - PHYSICAL DESCRIPTION FIXED FIELD--GENERAL INFORMATION | |
| fixed length control field | ssulunjlcnnnu |
| 008 - FIXED-LENGTH DATA ELEMENTS--GENERAL INFORMATION | |
| fixed length control field | 911114s1986 nyunnn f eng |
| 010 ## - LIBRARY OF CONGRESS CONTROL NUMBER | |
| LC control number | 91740928 |
| 028 02 - PUBLISHER NUMBER | |
| Publisher number | 88393 |
| Source | Warner Audio Pub. |
| 040 ## - CATALOGING SOURCE | |
| Original cataloging agency | DLC |
| Transcribing agency | DLC |
| 050 10 - LIBRARY OF CONGRESS CALL NUMBER | |
| Classification number | PZ 7 |
| Item number | .C587 1987 |
| 082 ## - DEWEY DECIMAL CLASSIFICATION NUMBER | |
| Classification number | FIC |
| Item number | C52r 1986 |
| 100 1# - MAIN ENTRY--PERSONAL NAME | |
| Personal name | Clancy, Tom, |
| Dates associated with a name | 1947- |
| 9 (RLIN) | 17645 |
| 245 10 - TITLE STATEMENT | |
| Title | Red storm rising / |
| Statement of responsibility, etc | by Tom Clancy. |
| 260 ## - PUBLICATION, DISTRIBUTION, ETC. (IMPRINT) | |
| Place of publication, distribution, etc | New York, N.Y. : |
| Name of publisher, distributor, etc | Jack Ryan Enterprises Ltd., |
| Date of publication, distribution, etc | c1987. |
| 300 ## - PHYSICAL DESCRIPTION | |
| Extent | 725 p. : |
| Dimensions | 18 cm. |
| 500 ## - GENERAL NOTE | |
| General note | An audio presentation of the novel. |
| 511 0# - PARTICIPANT OR PERFORMER NOTE | |
| Participant or performer note | Read by F. Murray Abraham. |
| 521 ## - TARGET AUDIENCE NOTE | |
| Target audience note | |
| Source | Lexile |
| 526 ## - STUDY PROGRAM INFORMATION NOTE | |
| Reading level | 0L to 1700L |
| 541 ## - IMMEDIATE SOURCE OF ACQUISITION NOTE | |
| -- | 1 |
| 650 #0 - SUBJECT ADDED ENTRY--TOPICAL TERM | |
| Topical term or geographic name as entry element | World War III |
| General subdivision | Fiction. |
| 9 (RLIN) | 17646 |
| 650 #0 - SUBJECT ADDED ENTRY--TOPICAL TERM | |
| Topical term or geographic name as entry element | Imaginary wars and battles |
| General subdivision | Fiction. |
| 9 (RLIN) | 17647 |
| 700 1# - ADDED ENTRY--PERSONAL NAME | |
| Personal name | Abraham, F. Murray. |
| Relator code | prf |
| 9 (RLIN) | 17648 |
| 906 ## - LOCAL DATA ELEMENT F, LDF (RLIN) | |
| a | 7 |
| b | cbc |
| c | orignew |
| d | 2 |
| e | ncip |
| f | 19 |
| g | y-genmusic |
| 942 ## - ADDED ENTRY ELEMENTS (KOHA) | |
| Source of classification or shelving scheme | Library of Congress Classification |
| Koha item type | |
| Call number prefix | |
| Withdrawn status | Lost status | Source of classification or shelving scheme | Damaged status | Home library | Current library | Shelving location | Date acquired | Total Checkouts | Full call number | Barcode | Date last seen | Copy number | Price effective from | Koha item type |
|---|---|---|---|---|---|---|---|---|---|---|---|---|---|---|
| Library of Congress Classification | Luxembourg Library | Luxembourg Library | Fiction Section | 09/10/2013 | PZ 7 .C587 1987 | 11600 | 09/10/2013 | 1 | 09/10/2013 | Books |